مكتبة جامعة عجلون الوطنية

فهرس بحث المكتبة

بحوث ودراسات فى القانون الخاص (Record no. 22818)

MARC details
000 -LEADER
fixed length control field 00875nam a2200229Ii 4500
003 - CONTROL NUMBER IDENTIFIER
control field JO-AjNU
008 - FIXED-LENGTH DATA ELEMENTS--GENERAL INFORMATION
fixed length control field 230605s9999||||xx |||||||||||||| ||und||
017 ## - COPYRIGHT OR LEGAL DEPOSIT NUMBER
Copyright or legal deposit number 21382
020 ## - INTERNATIONAL STANDARD BOOK NUMBER
International Standard Book Number 978-977-386-450-2
040 ## - CATALOGING SOURCE
Original cataloging agency JO-AjNU
Language of cataloging ara
Description conventions rda
Transcribing agency JO-AjNU
041 ## - LANGUAGE CODE
Language code of text/sound track or separate title ara
050 14 - LIBRARY OF CONGRESS CALL NUMBER
Classification number K7040.2013
100 3# - MAIN ENTRY--PERSONAL NAME
Personal name السبعاوي ، ياسر باسم ذنون ، الدليمى ، اجياد ثامر ,
Relator term author
9 (RLIN) 44561
245 00 - TITLE STATEMENT
Title بحوث ودراسات فى القانون الخاص
250 ## - EDITION STATEMENT
Edition statement (د،ط)
264 31 - PRODUCTION, PUBLICATION, DISTRIBUTION, MANUFACTURE, AND COPYRIGHT NOTICE
Place of production, publication, distribution, manufacture مصر ، الامارات : دار الكتب القانونية ،2013 ، مصر ، الامارات : دار شتات ، 2013
300 ## - PHYSICAL DESCRIPTION
Extent 288ص
Other physical details يشتمل على مصادر ص ( 275 - 278 )
336 ## - CONTENT TYPE
Content type term text
Content type code txt
Source rdacontent
337 ## - MEDIA TYPE
Media type term unmediated
Media type code n
Source rdamedia
338 ## - CARRIER TYPE
Carrier type term volume
Carrier type code nc
Source rdacarrier
650 #4 - SUBJECT ADDED ENTRY--TOPICAL TERM
Topical term or geographic name entry element قانون خاص
9 (RLIN) 44562
Holdings
Withdrawn status Lost status Source of classification or shelving scheme Damaged status Not for loan Home library Current library Shelving location Date acquired Total Checkouts Full call number Barcode Date last seen Price effective from Koha item type
    Library of Congress Classification     مكتبة جامعة عجلون الوطنية مكتبة جامعة عجلون الوطنية المجموعات العامة 06/06/2023   K7040.2013 A19250 06/06/2023 06/06/2023 Books